| 000 | 00756nam a2200217 4500 | ||
|---|---|---|---|
| 999 |
_c161939 _d161939 |
||
| 005 | 20190807152137.0 | ||
| 010 | _a1819CHEN B-717600-620 | ||
| 020 |
_a9789381607381 _c275.00 |
||
| 035 | _aB-717600-620 | ||
| 035 | _aB-728529 | ||
| 037 | _bPragati Publications | ||
| 082 | _aS | ||
| 245 | _aMonster stories | ||
| 260 |
_aDelhi _bOm Kidz _c2018(repr.) |
||
| 270 |
_a107, Ansari Road, Darya Ganj _bNew Delhi _e110002 |
||
| 300 |
_a79p.: _c24cm(Hb) _bcol. ill. |
||
| 500 | _aAirport | ||
| 942 |
_2ddc _cCH _mMON _hS |
||